| 000 -LEADER |
| fixed length control field |
03855nam a2200277 a 4500 |
| 001 - CONTROL NUMBER |
| control field |
ASIN1849041547 |
| 003 - CONTROL NUMBER IDENTIFIER |
| control field |
OSt |
| 005 - DATE AND TIME OF LATEST TRANSACTION |
| control field |
20170105102910.0 |
| 008 - FIXED-LENGTH DATA ELEMENTS--GENERAL INFORMATION |
| fixed length control field |
131025s2012 xxu eng d |
| 020 ## - INTERNATIONAL STANDARD BOOK NUMBER |
| International Standard Book Number |
1849041547 (hardcover) |
| Terms of availability |
$65.75 |
| 020 ## - INTERNATIONAL STANDARD BOOK NUMBER |
| International Standard Book Number |
9781849041546 (hardcover) |
| 040 ## - CATALOGING SOURCE |
| Original cataloging agency |
a |
| 050 04 - LIBRARY OF CONGRESS CALL NUMBER |
| Classification number |
DS371.3 |
| 050 04 - LIBRARY OF CONGRESS CALL NUMBER |
| Classification number |
DS371.3 |
| 082 04 - DEWEY DECIMAL CLASSIFICATION NUMBER |
| Classification number |
958.1046 |
| Author Mark |
LIN 2012 |
| 100 1# - MAIN ENTRY--PERSONAL NAME |
| Personal name |
Linschoten, Alex Strick Van. |
| 245 13 - TITLE STATEMENT |
| Title |
An enemy we created : |
| Remainder of title |
the myth of the taliban-al qaeda merger in afghanistan, 1970-2010 / |
| Statement of responsibility, etc. |
Alex Strick Van Linschoten. |
| 260 ## - PUBLICATION, DISTRIBUTION, ETC. |
| Place of publication, distribution, etc. |
[S.l.] : |
| Name of publisher, distributor, etc. |
C Hurst & Company, |
| Date of publication, distribution, etc. |
2012. |
| 300 ## - PHYSICAL DESCRIPTION |
| Extent |
538 p. ; |
| Dimensions |
23 cm. |
| 520 ## - SUMMARY, ETC. |
| Summary, etc. |
To this day the belief is widespread that the Taliban and al-Qaeda are in many respects synonymous, that their ideology and objectives are closely intertwined and that they have made common cause against the West for decades. Such opinions have been stridently supported by politicians, media pundits and senior military figures, yet they have hardly ever been scrutinised or tested empirically. This is all the more surprising given that the West's present entanglement in Afghanistan is commonly predicated on the need to defeat the Taliban in order to forestall further terrorist attacks worldwide. There is thus an urgent need to re-examine the known facts of the Taliban-al Qaeda relationship and to tell the story of the Taliban's encounter with internationalist militant Islamism, which is what Alex Strick van Linschoten and Felix Kuehn set out to do in An Enemy We Created. Their book also responds to the overheated rhetoric that sustains a one-sided interpretation of the alleged 'merger' between the two groups as well as the policy implications for Afghanistan that flowed in the wake of its acceptance by Western governments and their militaries. The relationship between the two groups and the individuals who established them is undeniably complex, and has remained so for many years. Links between the Taliban and al-Qaeda were retained in the face of a shared enemy following the invasion of Afghanistan after the September 11 attacks, an adversary that was selected by al-Qaeda rather than by the Taliban, and which led the latter to become entangled in a war that was not of its choosing. This book is the first to examine in detail the relationship from the Taliban's perspective based on Arabic, Dari and Pashtu sources, drawing on the authors' many years experience in southern Afghanistan, the Taliban's heartland. They also interviewed Taliban decision-makers, field commanders and ordinary fighters while immersing themselves in Kandahar's society. Van Linschoten's and Kuehn's forensic examination of the evolution of the two groups allows the background and historical context that informed their respective ideologies to come to the fore. The story of those individuals who were to become their key decision-makers, and the relationships among all those involved, from the mid-1990s onwards, reveal how complex the interactions were between the Taliban and al-Qaeda and how they frequently diverged rather than converged. An Enemy We Created concludes that there is room to engage the Taliban on the issues of renouncing al-Qaeda and guaranteeing that Afghanistan will deny sanctuary to international terrorists. Yet the insurgency is changing, and it could soon be too late to find a political solution. The authors contend that certain aspects of the campaign in Afghanistan, especially night raids and attempts to fragment and decapitate the Taliban, are transforming the resistance, creating more opportunities for al-Qaeda and helping it to attain its objectives. |
| 650 #0 - SUBJECT ADDED ENTRY--TOPICAL TERM |
| Topical term or geographic name entry element |
Afghanistan |
| 650 #0 - SUBJECT ADDED ENTRY--TOPICAL TERM |
| Topical term or geographic name entry element |
Qaida (Organization) |
| 650 #0 - SUBJECT ADDED ENTRY--TOPICAL TERM |
| Topical term or geographic name entry element |
Taliban |
| 856 40 - ELECTRONIC LOCATION AND ACCESS |
| Materials specified |
Amazon.com |
| Uniform Resource Identifier |
<a href="http://www.amazon.com/exec/obidos/ASIN/1849041547/chopaconline-20">http://www.amazon.com/exec/obidos/ASIN/1849041547/chopaconline-20</a> |
| 942 ## - ADDED ENTRY ELEMENTS (KOHA) |
| Source of classification or shelving scheme |
|
| Koha item type |
Book |